Food for all in a sustainable world : The IIASA Food and Agriculture Program : Summarizing presentations at the IIASA Food and Agriculture Program Status Report Conference, February 1981 /

Bibliographic Details
Corporate Author: Food and Agriculture Program
Other Authors: Parikh, Kirit S., Rabár, Ferenc
Format: Book
Language:English
Published: Laxenburg, Austria : International Institute for Applied Systems Analysis, 1981.
Subjects:

MARC

Tag First Indicator Second Indicator Subfields
LEADER 00000cam a2200000 a 4500
001 in00000372221
005 20151011093418.0
008 811125s1981 au a b i10000 eng d
020 |a 3704500135 
035 |a (OCoLC)07957714 
035 |9 ABQ9667AM 
040 |a EEM  |c EEM  |d TXA  |d UtOrBLW 
049 |a TXAM  |c [1657534] 
090 |a HD9000.5  |b .F595 1981 
245 0 0 |a Food for all in a sustainable world :  |b The IIASA Food and Agriculture Program : Summarizing presentations at the IIASA Food and Agriculture Program Status Report Conference, February 1981 /  |c Kirit Parikh and Ferenc Rabar, editors. 
264 1 |a Laxenburg, Austria :  |b International Institute for Applied Systems Analysis,  |c 1981. 
300 |a xiii, 250 pages :  |b illustrations ;  |c 24 cm. 
336 |a text  |b txt  |2 rdacontent 
337 |a unmediated  |b n  |2 rdamedia 
338 |a volume  |b nc  |2 rdacarrier 
500 |a "SR-81-2." 
504 |a Includes bibliographies. 
650 0 |a Food supply  |v Congresses. 
650 0 |a Food supply  |x International cooperation  |x Congresses. 
650 0 |a Food supply  |x Mathematical models  |x Congresses. 
650 0 |a Agriculture  |v Statistics  |x Congresses. 
650 0 |a Agriculture  |x Social aspects  |x Congresses. 
650 0 |a Agriculture  |x Energy consumption  |x Congresses. 
650 0 |a System analysis  |v Congresses. 
700 1 |a Parikh, Kirit S. 
700 1 |a Rabár, Ferenc. 
710 2 |a Food and Agriculture Program. 
999 |a MARS 
999 f f |s 8b430ad4-1821-31b6-a718-fe4f93567381  |i 0bc5992d-2126-3ff0-aa4d-c29e0f70b079  |t 0 
952 f f |p ric  |a Texas A&M University  |b Rellis Campus  |c Joint Library Facility  |d Remote Storage  |t 0  |e HD9000.5 .F595 1981  |h Library of Congress classification  |i unmediated -- volume  |m A14807558598 
998 f f |a HD9000.5 .F595 1981  |t 0  |l Remote Storage